000 00490nam a2200169 a 4500
005 20140310183443.0
008 090114s19uu xx 00 eng d
050 _aHD 3545
_b.Sa187 2008
245 _aSamahang kartunista ng pilipinas :
_broster book /
260 _aPhilippines :
_bSamahang Kartunista ng Pilipinas,
_c2008.
300 _a173 p. :
_bill. . ;
_c28 cm.
521 _aMA
650 _aCartoonists
_xPhilippines.
942 _cBK
_2lcc
_kLOC
999 _c23183
_d23183